| 000 -LEADER |
| fixed length control field |
00638nam a22002057a 4500 |
| 008 - FIXED-LENGTH DATA ELEMENTS--GENERAL INFORMATION |
| fixed length control field |
151007b xxu||||| |||| 00| 0 eng d |
| 020 ## - INTERNATIONAL STANDARD BOOK NUMBER |
| International Standard Book Number |
2003057578 |
| 041 0# - LANGUAGE CODE |
| Language code of text/sound track or separate title |
eng |
| 080 ## - UNIVERSAL DECIMAL CLASSIFICATION NUMBER |
| Universal Decimal Classification number |
649.1 |
| 100 1# - Rafti |
| Rafti |
Murkoff, Heidi Eisenberg. |
| 245 10 - TITLE STATEMENT |
| Title |
What to expect the first year / |
| Statement of responsibility, etc |
Heidi Murkoff, Arlene Eisenberg & Sandee Hathaway. |
| 250 ## - |
| -- |
[2nd ed., rev. and updated]. |
| 260 ## - |
| -- |
New York : |
| -- |
Workman Pub., |
| -- |
2003. |
| 300 ## - |
| -- |
xxv, 806 f. : |
| -- |
me il.; |
| -- |
24 cm. |
| 650 #0 - |
| -- |
Kujdesi ndaj fëmijëve |
| 700 ## - |
| -- |
Eisenberg, Arlene. |
| 700 ## - |
| -- |
Hathaway, Sandee Eisenberg. |
| 700 ## - |
| -- |
Eisenberg, Arlene. |
| 942 ## - ADDED ENTRY ELEMENTS (KOHA) |
| Source of classification or shelving scheme |
|
| Item type |
Books |